000 00492cam a22001934a 4500
005 20250605163444.0
008 250528s ||||||||||||||||||||||||d
035 _a19587
020 _a9600803544
040 _aGR-AtMCL
_bgre
_dGR-AtMCL
_eAACR2
245 1 _aΗ ΠΡΟΚΛΗΣΗ ΤΟΥ ΕΠΙΧΕΙΡΕΙΝ
250 _a1
260 _bΙ. Σιδερης,
_c2005
300 _a189
700 1 _aΒουδουρη Ειρηνη
942 _cBK
999 _c4843
_d4843